| 000 | 00790cam a2200241 a 4500 | ||
|---|---|---|---|
| 003 | PILC | ||
| 005 | 20150228075917.0 | ||
| 008 | 090515s2011 njua 001 0 eng | ||
| 010 | _a2009020236 | ||
| 020 | _a9780321866271 (paperback) | ||
| 035 | _a(OCoLC)ocn324783713 | ||
| 040 |
_aDLC _cDLC _dYDX _dYDXCP _dCDX _dDEBBG _dBTCTA _dDLC |
||
| 050 | 0 | 0 |
_aQD 453.3 _b.T76 2014 |
| 100 | 1 | _aTro, Nivaldo J. | |
| 245 | 1 | 0 |
_aChemistry : _ba molecular approach / _cNivaldo J. Tro. |
| 250 |
_a3rd ed. _b International edition. |
||
| 260 |
_aBoston : _bPearson, _cc2014. |
||
| 300 |
_a1 volume (various pagings) : _billustrations (color) ; _c28 cm. |
||
| 440 | 0 | _aPearson International edition. | |
| 521 | _aEducation | ||
| 650 | 0 |
_aChemistry, Physical and theoretical _vTextbooks. |
|
| 942 |
_2lcc _cBK |
||
| 999 |
_c283642 _d283642 |
||